ბათუმის შოთა რუსთაველის სახელმწიფო უნივერსიტეტის ბიბლიოთეკა

Adolescent counselling psychology: theory, research and practice (ბიბ.ჩანაწერი № 49737)

000 -LEADER
fixed length control field 00949nam a2200253Ia 4500
001 - CONTROL NUMBER
control field 16672
003 - CONTROL NUMBER IDENTIFIER
control field GE_BSU
005 - DATE AND TIME OF LATEST TRANSACTION
control field 20200131160857.0
008 - FIXED-LENGTH DATA ELEMENTS--GENERAL INFORMATION
fixed length control field 181216s||||||||xx |||||||||||||| ||und||
020 ## - INTERNATIONAL STANDARD BOOK NUMBER
International Standard Book Number 9780415580267 (pbk.) 9780415580250 (hardback)
040 ## - CATALOGING SOURCE
Transcribing agency GE_BSU
245 ## - TITLE STATEMENT
Title Adolescent counselling psychology: theory, research and practice
245 ## - TITLE STATEMENT
Remainder of title theory, research and practice /
245 ## - TITLE STATEMENT
Statement of responsibility, etc. Edited by: Terry Hanley, Neil Humphrey, and Clare Lennie.
260 ## - PUBLICATION, DISTRIBUTION, ETC.
Place of publication, distribution, etc. London ; New York.
260 ## - PUBLICATION, DISTRIBUTION, ETC.
Name of publisher, distributor, etc. Routledge
260 ## - PUBLICATION, DISTRIBUTION, ETC.
Date of publication, distribution, etc. 2013
300 ## - PHYSICAL DESCRIPTION
Extent xiii, 180 p, 24 cm.
653 ## - INDEX TERM--UNCONTROLLED
keyword Adolescent psychotherapy. Adolescence--Counseling of. PSYCHOLOGY / Psychotherapy / Child & Adolescent PSYCHOLOGY / Psychotherapy / Counseling PSYCHOLOGY / Mental Health
653 ## - INDEX TERM--UNCONTROLLED
keyword ფსიქოლოგია
653 ## - INDEX TERM--UNCONTROLLED
keyword ფსიქოლოგიის / ფსიქოთერაპია
942 ## - ADDED ENTRY ELEMENTS (KOHA)
Koha item type წიგნი
Source of classification or shelving scheme
ეგზემპლარები
Withdrawn status Lost status Source of classification or shelving scheme Damaged status Not for loan Permanent Location Current Location Shelving location Date acquired Cost, normal purchase price Full call number Barcode Date last seen Copy number Price effective from Koha item type Public note
          ბათუმის შოთა რუსთაველის სახელმწიფო უნივერსიტეტის მთავარი ბიბლიოთეკა ბათუმის შოთა რუსთაველის სახელმწიფო უნივერსიტეტის მთავარი ბიბლიოთეკა წიგნსაცავი 2018-12-17 99.00 159.962 A-20 45137 2018-12-17 45137 2018-12-17 წიგნი 99 gel.